| 000 | 00591nam a22001817a 4500 | ||
|---|---|---|---|
| 003 | OSt | ||
| 005 | 20180116192415.0 | ||
| 008 | 130508t xxu||||| |||| 00| 0 eng d | ||
| 040 | _c0 | ||
| 082 | _a702.88 | ||
| 110 | 0 |
_aAga Khan trust for Culture _96468 |
|
| 245 | 1 | 0 |
_aHistoric cities support programme: _bconservation and development in Hunza adn Baltistan _cAga Khan trust for Culture |
| 260 |
_aLausanne S. a: _bImprismeries reunies _c2005 |
||
| 300 | _a80 p. | ||
| 650 |
_aConservation _xArt. _96469 |
||
| 942 |
_2ddc _cBK |
||
| 999 |
_c353684 _d353684 |
||